[Event "Women's Speed Chess Q5"]
[Site "chess.com INT"]
[Date "2020.06.22"]
[Round "2"]
[White "Foisor, Sabina-Francesca"]
[Black "Divya, Deshmukh"]
[Result "0-1"]
[WhiteTitle "WGM"]
[BlackTitle "WIM"]
[WhiteElo "2228"]
[BlackElo "2305"]
[WhiteFideId "1212915"]
[BlackFideId "35006916"]
[EventDate "2020.06.22"]

1. d4 Nf6 2. c4 e6 3. Nf3 Bb4+ 4. Bd2 Qe7 5. g3 Nc6 6. Bg2 Bxd2+ 7. Qxd2 d6 8.
O-O e5 9. Nc3 O-O 10. d5 Nb8 11. b4 a5 12. a3 Na6 13. Qb2 e4 14. Nd4 e3 15. f3
Bd7 16. Rfd1 h6 17. Rac1 Rfe8 18. Rd3 c5 19. dxc6 bxc6 20. Nc2 Bf5 21. Rxe3 Qa7
22. c5 dxc5 23. Rxe8+ Rxe8 24. bxc5 Qxc5+ 25. Kh1 Rb8 26. Qa1 Bxc2 27. Rxc2 Nd5
28. Qc1 Ne3 29. Rd2 Qxc3 30. Qxc3 Rb1+ 31. Bf1 Rxf1# 0-1

[Event "Women's Speed Chess Q5"]
[Site "chess.com INT"]
[Date "2020.06.22"]
[Round "2"]
[White "Vanhuyse, Nele"]
[Black "Ovezdurdiyeva, Jemal"]
[Result "0-1"]
[WhiteTitle "WFM"]
[BlackTitle "WFM"]
[WhiteElo "1928"]
[BlackElo "2061"]
[WhiteFideId "228818"]
[BlackFideId "14001888"]
[EventDate "2020.06.22"]

1. e4 c5 2. Nf3 d6 3. c3 Nf6 4. Bd3 g6 5. Bc2 Bg7 6. h3 O-O 7. O-O e5 8. d4 cxd4
9. cxd4 Nc6 10. Nc3 a6 11. Bg5 Qb6 12. dxe5 dxe5 13. Bxf6 Bxf6 14. Nd5 Qd8 15.
Nxf6+ Qxf6 16. Qd2 Bxh3 17. Qh6 Bg4 18. Ng5 Qg7 19. Qh4 Bc8 20. Rad1 Nd4 21. Bb1
h6 22. Nh3 g5 23. Qh5 g4 24. Nf4 exf4 25. Rxd4 Qxd4 26. Qxh6 Qg7 27. Qxf4 Be6
28. e5 Rfd8 29. Re1 Rd7 30. g3 Rad8 31. Be4 Rd1 32. Rxd1 Rxd1+ 33. Kg2 Bd5 34.
Bxd5 Rxd5 35. Qc4 Rxe5 36. Qc8+ Kh7 37. Qxb7 Qf6 0-1

[Event "Women's Speed Chess Q5"]
[Site "chess.com INT"]
[Date "2020.06.22"]
[Round "2"]
[White "Zimina, Olga"]
[Black "Smietanska, Wiktoria"]
[Result "1-0"]
[WhiteTitle "IM"]
[BlackTitle "CM"]
[WhiteElo "2378"]
[BlackElo "1593"]
[WhiteFideId "4132190"]
[BlackFideId "21869359"]
[EventDate "2020.06.22"]

1. Nf3 Nf6 2. c4 g6 3. Nc3 Bg7 4. e4 d6 5. d4 O-O 6. Be2 e5 7. Be3 Nc6 8. d5 Ne7
9. Nd2 Nd7 10. f3 f5 11. b4 f4 12. Bf2 a5 13. a3 b6 14. Nb5 Ba6 15. O-O g5 16.
h3 h5 17. Rc1 Nf6 18. c5 Bc8 19. cxb6 cxb6 20. Nc7 Rb8 21. Ne6 Bxe6 22. dxe6 d5
23. exd5 Nexd5 24. Bc4 Qe7 25. Ne4 Rfd8 26. Qb3 Nc7 27. Nxg5 b5 28. Bc5 bxc4 29.
Qxc4 Rd6 30. Bxd6 Qxd6 31. e7+ Ncd5 32. Ne4 Qxe7 33. Nxf6+ Bxf6 34. Qxd5+ Kh7
35. Rc6 Rg8 36. Rfc1 Qg7 37. Rc7 Be7 38. R1c2 Kh6 39. Qe6+ Kh7 40. Rxe7 1-0

[Event "Women's Speed Chess Q5"]
[Site "chess.com INT"]
[Date "2020.06.22"]
[Round "2"]
[White "Dauletova, Gulmira"]
[Black "Bulmaga, Irina"]
[Result "0-1"]
[WhiteTitle "WIM"]
[BlackTitle "IM"]
[WhiteElo "2319"]
[BlackElo "2440"]
[WhiteFideId "13702971"]
[BlackFideId "13903063"]
[EventDate "2020.06.22"]

1. e4 Nf6 2. e5 Nd5 3. d4 d6 4. c4 Nb6 5. exd6 cxd6 6. Nc3 g6 7. Be3 Bg7 8. Rc1
O-O 9. b3 Bf5 10. g4 Be6 11. Bg2 d5 12. c5 Nc8 13. h3 f5 14. gxf5 Rxf5 15. Nge2
Nc6 16. Ng3 Rf8 17. h4 Qd7 18. h5 b6 19. hxg6 hxg6 20. Qd3 Bf7 21. Nce2 bxc5 22.
Rxc5 e5 23. dxe5 Nxe5 24. Qd2 Ne7 25. Nd4 Qd6 26. Rc1 Rac8 27. Rd1 Rfd8 28. Nb5
Qd7 29. Nd4 a6 30. O-O N7c6 31. Nge2 Qg4 32. Nxc6 Nf3+ 33. Kh1 Qh4+ 0-1

[Event "Women's Speed Chess Q5"]
[Site "chess.com INT"]
[Date "2020.06.22"]
[Round "2"]
[White "Shafigullina, Zarina"]
[Black "Hejazipour, Mitra"]
[Result "1-0"]
[WhiteTitle "WFM"]
[BlackTitle "WGM"]
[WhiteElo "2296"]
[BlackElo "2300"]
[WhiteFideId "24174220"]
[BlackFideId "12505951"]
[EventDate "2020.06.22"]

1. d4 Nf6 2. Nf3 e6 3. g3 b6 4. Bg2 Bb7 5. O-O d5 6. c4 Nbd7 7. Nc3 a6 8. Ne5
Bb4 9. f4 O-O 10. Kh1 c5 11. e3 cxd4 12. exd4 Rc8 13. f5 Bxc3 14. bxc3 exf5 15.
Rxf5 Nxe5 16. Rxe5 Rxc4 17. Bg5 h6 18. Bxf6 Qxf6 19. Qd3 Rfc8 20. Rc1 b5 21. Qd2
b4 22. Rf1 bxc3 23. Qc2 Qg6 24. Rf2 Qxc2 25. Rxc2 Rxd4 26. Re1 1-0

[Event "Women's Speed Chess Q5"]
[Site "chess.com INT"]
[Date "2020.06.22"]
[Round "2"]
[White "Diakonova, Ekaterina"]
[Black "Miroshnik, Ekaterina"]
[Result "1-0"]
[BlackTitle "WFM"]
[WhiteElo "2209"]
[BlackElo "2139"]
[WhiteFideId "24172936"]
[BlackFideId "34127698"]
[EventDate "2020.06.22"]

1. e4 d6 2. d4 Nd7 3. Nc3 Ngf6 4. f4 e5 5. Nf3 exd4 6. Nxd4 c6 7. Be2 Be7 8. Bf3
O-O 9. O-O a5 10. Nf5 Nc5 11. Nxe7+ Qxe7 12. Re1 Nfd7 13. Be3 Ne6 14. Qd2 Nf6
15. Rad1 Rd8 16. f5 Nc7 17. Bf4 Nce8 18. e5 Nd5 19. Bxd5 cxd5 20. Nxd5 Qf8 21.
Bg5 f6 22. exf6 Nxf6 23. Bxf6 gxf6 24. Qc3 Bxf5 25. Nxf6+ Kf7 26. Nd5 Re8 27.
Qf6+ Kg8 28. Ne7+ Rxe7 29. Qxe7 Qxe7 30. Rxe7 Bxc2 31. Rxd6 b5 32. Rc7 Bg6 33.
Rdc6 Bf5 34. Rc5 Bd3 35. Rc8+ Rxc8 36. Rxc8+ Kg7 37. Kf2 b4 38. Rc6 Bb1 39. a3
bxa3 40. bxa3 a4 41. Ke3 Bg6 1-0

[Event "Women's Speed Chess Q5"]
[Site "chess.com INT"]
[Date "2020.06.22"]
[Round "2"]
[White "Arakhamia-Grant, Ketevan"]
[Black "Soumya, Swaminathan"]
[Result "1-0"]
[WhiteTitle "GM"]
[BlackTitle "IM"]
[WhiteElo "2380"]
[BlackElo "2351"]
[WhiteFideId "13600168"]
[BlackFideId "5016193"]
[EventDate "2020.06.22"]

1. e4 c5 2. Nf3 Nc6 3. d4 cxd4 4. Nxd4 Nf6 5. Nc3 d6 6. Bg5 e6 7. Qd2 a6 8.
O-O-O Bd7 9. f4 Be7 10. Nb3 b5 11. Bxf6 gxf6 12. Bd3 Qb6 13. Rhf1 h5 14. Kb1 Na7
15. f5 b4 16. Ne2 e5 17. Bc4 Bc6 18. Bd5 Rc8 19. Rf3 a5 20. Ng3 a4 21. Nc1 Bxd5
22. Qxd5 Nb5 23. Nge2 Rf8 24. Nd3 Na3+ 25. bxa3 bxa3+ 26. Kc1 Rb8 27. Nc3 Qa6
28. Kd2 Rg8 29. g3 Bf8 30. Rb1 Bh6+ 31. Kd1 Ke7 32. Nb4 Rxb4 33. Rxb4 Rc8 34.
Qb7+ 1-0

[Event "Women's Speed Chess Q5"]
[Site "chess.com INT"]
[Date "2020.06.22"]
[Round "2"]
[White "Mammadova, Gulnar"]
[Black "Chitlange, Sakshi"]
[Result "1-0"]
[WhiteTitle "IM"]
[BlackTitle "WIM"]
[WhiteElo "2382"]
[BlackElo "2167"]
[WhiteFideId "13403508"]
[BlackFideId "35002899"]
[EventDate "2020.06.22"]

1. e4 c6 2. d4 d5 3. e5 c5 4. dxc5 e6 5. Nf3 Bxc5 6. Bd3 Ne7 7. O-O Ng6 8. Qe2
O-O 9. c3 Nc6 10. Nbd2 Nf4 11. Qd1 Nxd3 12. Nb3 Nxf2 13. Rxf2 Bxf2+ 14. Kxf2 f6
15. exf6 Qxf6 16. Be3 Bd7 17. Kg1 Ne5 18. Nxe5 Qxe5 19. Qd2 Rf7 20. Re1 Qh5 21.
Nd4 Raf8 22. Nf3 Bb5 23. Bc5 Rc8 24. Bd4 Re8 25. Re5 Qg4 26. h3 Qg3 27. Rg5 Qd6
28. Ne5 Rf1+ 29. Kh2 Ref8 30. Rxg7+ Kxg7 31. Qg5+ Kh8 32. Qg3 R1f6 33. Nf7+ Rxf7
34. Qxd6 Kg7 35. Qg3+ Kf8 36. Bxf6 Rxf6 37. Qb8+ Kg7 38. Qxb7+ Rf7 39. Qxb5 Rf2
40. Qd7+ Kf6 41. Qxa7 Rxb2 42. a4 e5 43. a5 e4 44. a6 Ra2 45. Qb6+ Kf7 46. a7 h5
47. Qb7+ 1-0

[Event "Women's Speed Chess Q5"]
[Site "chess.com INT"]
[Date "2020.06.22"]
[Round "2"]
[White "Meenakshi, Subbaraman"]
[Black "Kostrikina, Anna"]
[Result "1-0"]
[WhiteTitle "WGM"]
[BlackTitle "WFM"]
[WhiteElo "2171"]
[BlackElo "2161"]
[WhiteFideId "5004381"]
[BlackFideId "4176219"]
[EventDate "2020.06.22"]

1. d4 Nf6 2. c4 e6 3. Nf3 b6 4. g3 Bb7 5. Bg2 c5 6. O-O cxd4 7. Nxd4 Bxg2 8.
Kxg2 Be7 9. Nc3 O-O 10. b3 d5 11. cxd5 Nxd5 12. Bb2 Nxc3 13. Bxc3 Qd5+ 14. Kg1
Nc6 15. Rc1 Nxd4 16. Qxd4 Qxd4 17. Bxd4 Ba3 18. Rc4 Rfc8 19. Ra4 Bc5 20. Rd1 h6
21. Bxc5 Rxc5 22. Rd7 a5 23. Rad4 Rc2 24. a4 Rxe2 25. Rb7 Rb2 26. Rdd7 Rf8 27.
Rxb6 Rb1+ 28. Kg2 g6 29. h4 h5 30. Ra7 Rc8 31. Rbb7 Rf8 32. Rxa5 Rb2 33. Raa7 e5
34. Ra5 Re8 35. Rc5 e4 36. Rc3 Ra8 37. Re3 Rxa4 38. bxa4 Rxb7 39. Rxe4 Rb3 40.
Re8+ Kg7 41. Ra8 Ra3 42. a5 Kf6 43. a6 Kf5 44. Kf1 Ra2 45. Ra7 f6 46. Ra8 Kg4
47. Rg8 Kf3 48. Kg1 Rxa6 49. Rxg6 Ra1+ 50. Kh2 Kxf2 51. Rxf6+ Ke3 52. Rf5 Ra2+
53. Kh3 Ke4 54. Rxh5 1-0

[Event "Women's Speed Chess Q5"]
[Site "chess.com INT"]
[Date "2020.06.22"]
[Round "2"]
[White "Nithyalakshmi, Sivanesan"]
[Black "Sukandar, Irine Kharisma"]
[Result "0-1"]
[WhiteTitle "WCM"]
[BlackTitle "IM"]
[WhiteElo "1945"]
[BlackElo "2413"]
[WhiteFideId "5706955"]
[BlackFideId "7101937"]
[EventDate "2020.06.22"]

1. d4 Nf6 2. c4 c5 3. d5 b5 4. cxb5 a6 5. bxa6 g6 6. Nc3 Bxa6 7. g3 Bg7 8. Bg2
d6 9. e4 O-O 10. Nge2 Nbd7 11. O-O Ng4 12. Rb1 Nge5 13. Be3 Nc4 14. Bc1 Nce5 15.
Be3 Qa5 16. b3 Nc4 17. bxc4 Bxc3 18. Qd3 Bg7 19. Qc2 Ne5 20. Rfc1 Nxc4 21. Qb3
Na3 22. Nf4 Nxb1 23. Rxb1 c4 24. Qc2 c3 25. Ne2 Bxe2 26. Qxe2 Qxa2 27. Qxa2 Rxa2
28. Bf1 Rc8 29. Bd3 c2 30. Rc1 Ra1 31. Kf1 Bb2 32. Rxa1 Bxa1 33. Bc1 h5 34. Ke2
Kg7 35. h4 Bd4 36. f3 e6 37. dxe6 fxe6 38. g4 hxg4 39. fxg4 Bf6 40. h5 gxh5 41.
gxh5 Be5 42. Ba6 Rc6 43. Bd3 Kf6 44. Ke1 Bg3+ 45. Ke2 e5 46. h6 Bf4 0-1

[Event "Women's Speed Chess Q5"]
[Site "chess.com INT"]
[Date "2020.06.22"]
[Round "2"]
[White "Hernandez Bonilla, Amelia"]
[Black "Xu, Yuanyuan"]
[Result "0-1"]
[WhiteTitle "WFM"]
[BlackTitle "WGM"]
[WhiteElo "2016"]
[BlackElo "2317"]
[WhiteFideId "3900193"]
[BlackFideId "8601089"]
[EventDate "2020.06.22"]

1. d4 d5 2. Nf3 Nf6 3. e3 c5 4. c3 Qc7 5. Bd3 g6 6. O-O Bg7 7. Nbd2 O-O 8. Qe2
Nbd7 9. e4 cxd4 10. Nxd4 Nc5 11. exd5 Nxd5 12. N2f3 Rd8 13. Bc2 e5 14. Nb3 Nxb3
15. Bxb3 Bf5 16. Rd1 Nf4 17. Bxf4 exf4 18. Ng5 Rf8 19. Qc4 Qxc4 20. Bxc4 h6 21.
Nf3 g5 22. Nd4 Bg4 23. f3 Bd7 24. Bb5 Bxd4+ 25. Rxd4 Bxb5 26. Rad1 Rfe8 27. c4
Bc6 28. b4 a6 29. Rd6 Ba4 30. R1d2 Re1+ 31. Kf2 Rae8 32. Rxh6 Kg7 0-1

[Event "Women's Speed Chess Q5"]
[Site "chess.com INT"]
[Date "2020.06.22"]
[Round "2"]
[White "Zavivaeva, Emilia"]
[Black "Nguyen, Thi Mai Hung"]
[Result "0-1"]
[WhiteTitle "WCM"]
[BlackTitle "WGM"]
[WhiteElo "1735"]
[BlackElo "2258"]
[WhiteFideId "34127531"]
[BlackFideId "12401676"]
[EventDate "2020.06.22"]

1. e4 e6 2. d4 d5 3. Nc3 Nf6 4. Bg5 dxe4 5. Nxe4 Nbd7 6. Bd3 h6 7. Bxf6 Nxf6 8.
Nxf6+ Qxf6 9. Nf3 Bd6 10. Qe2 Bd7 11. O-O-O O-O-O 12. Ne5 Be8 13. g3 c5 14. f4
cxd4 15. Bb5 Bxe5 16. fxe5 Qg5+ 17. Kb1 Bxb5 18. Qxb5 Kb8 19. Rhe1 Rd5 20. Qe2
Rhd8 21. Qf3 R8d7 22. h4 Qf5 23. Qxf5 exf5 24. Rd3 Re7 25. b3 Kc7 26. c3 Rexe5
27. Rxe5 Rxe5 28. Rxd4 Re3 29. Rc4+ Kb8 30. Rf4 g6 31. g4 fxg4 32. Rxg4 Rxc3 33.
Rf4 Rc7 34. h5 Rc5 35. Rxf7 Rxh5 36. Rg7 Rg5 37. Rh7 h5 38. Kc2 Rg2+ 39. Kc3
Rxa2 40. Kd4 Rg2 0-1

[Event "Women's Speed Chess Q5"]
[Site "chess.com INT"]
[Date "2020.06.22"]
[Round "2"]
[White "Kiseleva, Arina"]
[Black "Hng, Mei-En Emmanuelle"]
[Result "1-0"]
[WhiteTitle "WCM"]
[BlackTitle "WFM"]
[WhiteElo "2024"]
[BlackElo "2029"]
[WhiteFideId "4164989"]
[BlackFideId "5804566"]
[EventDate "2020.06.22"]

1. d4 Nf6 2. Nf3 c5 3. e3 e6 4. Bd3 Nc6 5. O-O Be7 6. a3 b6 7. b3 Bb7 8. Bb2 O-O
9. c4 d5 10. Nbd2 Rc8 11. dxc5 bxc5 12. Qe2 Qc7 13. Rac1 e5 14. cxd5 Nxd5 15.
Nc4 Bf6 16. Qc2 g6 17. Nfd2 Bg7 18. Ne4 Nce7 19. Ncd6 Rcd8 20. Nxb7 Qxb7 21.
Nxc5 Qb8 22. b4 Nf6 23. Rfd1 Ng4 24. g3 h5 25. Bc4 Kh7 26. Nd7 Qb7 27. Nxf8+
Rxf8 28. h3 Nf6 29. Bxe5 Qf3 30. Bxf6 Bxf6 31. Qe2 Qf5 32. e4 Qg5 33. h4 Qe5 34.
Rd5 Nxd5 35. Bxd5 Rd8 36. Bxf7 Rd7 37. Bd5 a5 38. f4 1-0

[Event "Women's Speed Chess Q5"]
[Site "chess.com INT"]
[Date "2020.06.22"]
[Round "2"]
[White "Buksa, Nataliya"]
[Black "Nandhidhaa, P V"]
[Result "1/2-1/2"]
[WhiteTitle "IM"]
[BlackTitle "WGM"]
[WhiteElo "2410"]
[BlackElo "2365"]
[WhiteFideId "14123622"]
[BlackFideId "5050847"]
[EventDate "2020.06.22"]

1. d4 d5 2. Nc3 Nf6 3. Bf4 e6 4. Nb5 Na6 5. e3 c5 6. Nf3 Be7 7. Be2 O-O 8. O-O
Bd7 9. a4 Bxb5 10. axb5 Nc7 11. b6 axb6 12. Bxc7 Qxc7 13. Ne5 Rxa1 14. Qxa1 Bd6
15. f4 cxd4 16. exd4 Qxc2 17. Bd3 Qd2 18. Qc1 Qb4 19. Nf3 Ne4 20. Kh1 g6 21. Qc2
Ra8 22. Bxe4 dxe4 23. Qxe4 Qxb2 24. h4 Ra1 25. Rxa1 Qxa1+ 26. Kh2 b5 27. Ne5 b4
28. Qxb7 Bxe5 29. dxe5 Qd4 30. g3 Qd2+ 31. Kh3 Kg7 32. h5 gxh5 33. Qe7 h6 34.
Qf6+ Kg8 35. Qxh6 Qe2 36. Qg5+ Kh7 37. Qe7 Qg4+ 38. Kh2 Qe2+ 39. Kh3 Qf1+ 40.
Kh2 Qe2+ 41. Kh3 1/2-1/2

[Event "Women's Speed Chess Q5"]
[Site "chess.com INT"]
[Date "2020.06.22"]
[Round "2"]
[White "Shukhman, Anna"]
[Black "Golubeva, Oksana"]
[Result "1-0"]
[WhiteTitle "WCM"]
[BlackTitle "WFM"]
[WhiteElo "1866"]
[BlackElo "2179"]
[WhiteFideId "54180058"]
[BlackFideId "4170164"]
[EventDate "2020.06.22"]

1. e4 e6 2. Qe2 c5 3. Nf3 Nc6 4. d3 b6 5. g3 Bb7 6. Bg2 Be7 7. O-O h5 8. Nbd2 h4
9. e5 Qc7 10. Ne4 Nxe5 11. Nxe5 Qxe5 12. Bf4 Qxb2 13. Nd6+ Bxd6 14. Bxb7 Rb8 15.
Bxd6 Rxb7 16. Qe4 Rb8 17. Bxb8 Nf6 18. Qf4 O-O 19. Be5 Qxc2 20. Bxf6 gxf6 21.
Qxf6 Qxd3 22. Rad1 Qb5 23. Qg5+ Kh7 24. Qxh4+ Kg7 25. Qg5+ Kh7 26. Rfe1 Rg8 27.
Qh5+ Kg7 28. Re4 Kf8 29. Rf4 f5 30. Qh7 Rg7 31. Qh8+ Kf7 32. Qd8 Kg6 33. h4 Qe2
34. Rxd7 Qe1+ 35. Kg2 Qc3 36. Rxg7+ Kxg7 37. Qe7+ Kg6 38. h5+ Kxh5 39. Rh4+ Kg6
40. Qxe6+ Kg7 41. Qxf5 Qd2 42. Rg4+ Kh6 43. Qg6# 1-0

[Event "Women's Speed Chess Q5"]
[Site "chess.com INT"]
[Date "2020.06.22"]
[Round "2"]
[White "Kiolbasa, Oliwia"]
[Black "Padmini, Rout"]
[Result "0-1"]
[WhiteTitle "WIM"]
[BlackTitle "IM"]
[WhiteElo "2160"]
[BlackElo "2370"]
[WhiteFideId "1154613"]
[BlackFideId "5029295"]
[EventDate "2020.06.22"]

1. e4 e5 2. Nf3 Nc6 3. Bb5 a6 4. Ba4 Nf6 5. O-O b5 6. Bb3 Bb7 7. d3 Be7 8. a4
O-O 9. c3 d6 10. Re1 Na5 11. Bc2 c5 12. Nbd2 Nc6 13. Nf1 Re8 14. Ng3 Bf8 15. d4
g6 16. h3 Qc7 17. d5 Nb8 18. Nh4 Nbd7 19. Qf3 c4 20. Bg5 Bg7 21. Nhf5 Reb8 22.
Nxg7 Kxg7 23. Nf5+ gxf5 24. Qxf5 h6 25. Bh4 Nh7 26. Re3 Ndf8 27. f4 Ng6 28. fxe5
dxe5 29. Bg3 Bc8 30. Qh5 Rb6 31. Rf1 b4 32. Ref3 f6 33. Bf2 Rd6 34. Be3 Rb8 35.
Rg3 Qf7 36. Bd1 Kh8 0-1

[Event "Women's Speed Chess Q5"]
[Site "chess.com INT"]
[Date "2020.06.22"]
[Round "2"]
[White "Yu, Jennifer"]
[Black "Vargas, Gabriela"]
[Result "0-1"]
[WhiteTitle "FM"]
[BlackTitle "WIM"]
[WhiteElo "2315"]
[BlackElo "2170"]
[WhiteFideId "2078341"]
[BlackFideId "3700860"]
[EventDate "2020.06.22"]

1. d4 d5 2. c4 e6 3. Nc3 c6 4. e3 Bd6 5. Nf3 f5 6. Rb1 a5 7. a3 Nf6 8. b4 axb4
9. axb4 O-O 10. Bd3 Ne4 11. Qc2 Nd7 12. O-O Rf6 13. b5 Rh6 14. bxc6 Bxh2+ 15.
Nxh2 Qh4 16. Re1 Qxh2+ 17. Kf1 bxc6 18. Bxe4 fxe4 19. Ne2 Ba6 20. Rb4 Rg6 21.
Nf4 Rxg2 22. Nxg2 Qh1+ 23. Ke2 Qxg2 24. Kd1 Rf8 25. Re2 Qf1+ 26. Kd2 Rxf2 27.
Rxf2 Qxf2+ 28. Kc3 Qe1+ 29. Kb3 Bxc4+ 30. Ka3 c5 31. Rb7 Qa5+ 32. Kb2 Qa2+ 33.
Kc3 Qa5+ 34. Kb2 Nf6 35. Bd2 Qa2+ 36. Kc1 Qa1+ 37. Rb1 Qa3+ 38. Qb2 Qa6 39. Qb8+
Kf7 40. Rb7+ Kg6 41. Bc3 cxd4 0-1

[Event "Women's Speed Chess Q5"]
[Site "chess.com INT"]
[Date "2020.06.22"]
[Round "2"]
[White "Eswaran, Ashritha"]
[Black "Nikulina, Alena"]
[Result "1-0"]
[WhiteTitle "WIM"]
[BlackTitle "WFM"]
[WhiteElo "2244"]
[BlackElo "1887"]
[WhiteFideId "2080788"]
[BlackFideId "4172051"]
[EventDate "2020.06.22"]

1. e4 c5 2. Nf3 d6 3. d4 cxd4 4. Nxd4 Nf6 5. Nc3 a6 6. Be3 Ng4 7. Bc1 Nf6 8. g3
e5 9. Nde2 Nc6 10. Bg2 Be6 11. O-O Be7 12. h3 O-O 13. g4 Qc7 14. Ng3 g6 15. Bh6
Rfd8 16. Kh2 Bf8 17. Bg5 Be7 18. Bh6 Bf8 19. Bxf8 Rxf8 20. Nd5 Qd8 21. c3 Nd7
22. a4 Ne7 23. a5 Rc8 24. Qd2 Kg7 25. Rfd1 Bxd5 26. exd5 Nc5 27. Ra3 f5 28. b4
Nd7 29. gxf5 Nxf5 30. Ne4 h6 31. Qe2 Qh4 32. c4 Nf6 33. Ng3 Nd4 34. Qd3 Ng4+ 35.
Kg1 Nxf2 36. Qd2 Nxd1 37. Qxd1 Rxc4 38. Qd3 Rxb4 39. Kh2 Rb2 40. Kh1 Rff2 41.
Rc3 Rxg2 42. Rc7+ Kf6 43. Ne4+ Qxe4 44. Qxe4 Rh2+ 45. Kg1 Rhg2+ 46. Qxg2 Rxg2+
47. Kxg2 Nb5 48. Rxb7 Nc3 49. Rb6 Nxd5 50. Rxd6+ Kf5 51. Rxd5 Ke4 52. Rd6 1-0

[Event "Women's Speed Chess Q5"]
[Site "chess.com INT"]
[Date "2020.06.22"]
[Round "2"]
[White "Sowa, Wiktoria"]
[Black "Martynkova, Olena"]
[Result "1-0"]
[WhiteTitle "WFM"]
[BlackTitle "WIM"]
[WhiteElo "2093"]
[BlackElo "2222"]
[WhiteFideId "21836701"]
[BlackFideId "14134039"]
[EventDate "2020.06.22"]

1. e4 c5 2. Nf3 e6 3. d4 cxd4 4. Nxd4 Nc6 5. c4 Nf6 6. f3 Bb4+ 7. Nc3 O-O 8. Be2
d5 9. Nxc6 bxc6 10. e5 Nd7 11. f4 f6 12. exf6 Qxf6 13. O-O Nc5 14. cxd5 exd5 15.
Be3 Bf5 16. Bd4 Qe7 17. a3 Bxc3 18. bxc3 Rab8 19. Re1 Be4 20. g3 Nb3 21. Ra2
Nxd4 22. Qxd4 Rb3 23. Bd3 Re8 24. Rxe4 dxe4 25. Bc4+ Kh8 26. Bxb3 e3 27. Re2
Qxa3 28. Bc4 Qe7 29. Qe5 Qxe5 30. fxe5 Rxe5 31. Kg2 g6 32. Kf3 Rc5 33. Bd3 Rxc3
34. Rxe3 c5 35. Be4 Rc1 36. Bd5 Kg7 37. Re7+ Kh6 38. Rxa7 c4 39. Bg8 c3 40. h4
g5 41. Rxh7+ Kg6 42. h5+ Kf6 43. Rc7 c2 44. Kg2 1-0

[Event "Women's Speed Chess Q5"]
[Site "chess.com INT"]
[Date "2020.06.22"]
[Round "2"]
[White "Artemyeva, Olga"]
[Black "Buker, Muhittin"]
[Result "1-0"]
[WhiteTitle "WFM"]
[BlackTitle "CM"]
[WhiteElo "2069"]
[BlackElo "1996"]
[WhiteFideId "4138422"]
[BlackFideId "6301770"]
[EventDate "2020.06.22"]

1. e4 e5 2. Nf3 Nc6 3. Bb5 a6 4. Ba4 Nf6 5. O-O Be7 6. c3 b5 7. Bb3 O-O 8. h3 d6
9. d4 exd4 10. cxd4 Na5 11. Bc2 c5 12. d5 c4 13. a4 b4 14. Nbd2 b3 15. Bb1 Nd7
16. Re1 Bf6 17. e5 Nxe5 18. Ne4 Nxf3+ 19. Qxf3 Be5 20. Ng5 h6 21. Bh7+ Kh8 22.
Bb1 Qf6 23. Qh5 Bf5 24. Bxf5 Qxf5 25. Bd2 Nb7 26. Rab1 Kg8 27. g4 Qd3 28. Ne4
Rac8 29. g5 Nc5 30. Nxc5 Rxc5 31. Be3 Bd4 32. gxh6 Bxe3 33. fxe3 Qg6+ 34. Qxg6
fxg6 35. hxg7 Kh7 36. gxf8=Q Rxd5 37. Qf7+ Kh6 38. Qxd5 1-0

[Event "Women's Speed Chess Q5"]
[Site "chess.com INT"]
[Date "2020.06.22"]
[Round "2"]
[White "Kalinina, Larisa"]
[Black "Fataliyeva, Ulviyya"]
[Result "0-1"]
[WhiteTitle "WIM"]
[BlackTitle "WGM"]
[WhiteElo "2131"]
[BlackElo "2301"]
[WhiteFideId "14106361"]
[BlackFideId "13403052"]
[EventDate "2020.06.22"]

1. e4 e6 2. d4 d5 3. exd5 exd5 4. Bd3 c5 5. Nf3 c4 6. Be2 Nc6 7. O-O Bd6 8. Nc3
Nge7 9. b3 cxb3 10. axb3 O-O 11. Nb5 Bb8 12. c4 Bg4 13. Ne5 Bxe2 14. Qxe2 a6 15.
cxd5 Qxd5 16. Nxc6 Nxc6 17. Qc4 Qxc4 18. bxc4 axb5 19. Rxa8 Bxh2+ 20. Kxh2 Rxa8
21. d5 Ne7 22. d6 Nf5 23. c5 Kf8 24. Rd1 f6 25. g4 Nh6 26. f3 Nf7 27. Bf4 Rd8
28. Rb1 Rd7 29. Rxb5 Nd8 30. Be3 Nc6 31. Kg3 Ke8 32. Kf4 Kd8 33. Kf5 Ne5 34. f4
Nc4 35. Bd4 Rxd6 36. Bf2 Rd7 37. g5 fxg5 38. fxg5 Nd2 39. Be3 g6+ 40. Ke5 Nc4+
41. Kf4 Rf7+ 42. Kg3 Nxe3 43. Rb3 Nf5+ 44. Kg4 Kc7 0-1

[Event "Women's Speed Chess Q5"]
[Site "chess.com INT"]
[Date "2020.06.22"]
[Round "2"]
[White "Dzagnidze, Nana"]
[Black "Balabayeva, Xeniya"]
[Result "1-0"]
[WhiteTitle "GM"]
[BlackTitle "WFM"]
[WhiteElo "2524"]
[BlackElo "2146"]
[WhiteFideId "13601903"]
[BlackFideId "13719688"]
[EventDate "2020.06.22"]

1. d4 Nf6 2. Nf3 d5 3. c4 e6 4. e3 Bb4+ 5. Nbd2 O-O 6. a3 Be7 7. b4 dxc4 8. Bxc4
b6 9. O-O Bb7 10. Bb2 Nbd7 11. Qe2 Ne4 12. Rfd1 Ndf6 13. Rac1 a5 14. b5 a4 15.
Nf1 Nd6 16. Bd3 Rc8 17. Ng3 Nfe4 18. Ne5 Nxg3 19. hxg3 f6 20. Qh5 Nf5 21. Nc6
Bxc6 22. Rxc6 g6 23. Qf3 Bd6 24. Rc2 Qe7 25. Bc4 Ng7 26. e4 Kh8 27. Qe3 e5 28.
Bd5 Rfd8 29. Rd3 exd4 30. Bxd4 Be5 31. f4 Bxd4 32. Rxd4 Ne6 33. Rxa4 Nc5 34. Rd4
Rd6 35. Qc3 Rcd8 36. Rcd2 Kg7 37. Kh2 1-0

[Event "Women's Speed Chess Q5"]
[Site "chess.com INT"]
[Date "2020.06.22"]
[Round "2"]
[White "Antolak, Julia"]
[Black "Ilyuchyk, Yana"]
[Result "1-0"]
[WhiteTitle "WIM"]
[BlackTitle "WFM"]
[WhiteElo "2323"]
[BlackElo "2119"]
[WhiteFideId "1159569"]
[BlackFideId "13508407"]
[EventDate "2020.06.22"]

1. e4 c5 2. Nf3 Nc6 3. d4 cxd4 4. Nxd4 Nf6 5. Nc3 d6 6. Bg5 e6 7. Qd2 Be7 8.
O-O-O O-O 9. f4 Nxd4 10. Qxd4 Qa5 11. Kb1 Rd8 12. Be2 Bd7 13. Qe3 Bc6 14. g4 b5
15. Bf3 b4 16. Ne2 e5 17. f5 d5 18. Bxf6 Bxf6 19. g5 Be7 20. exd5 Bxd5 21. Bxd5
Rxd5 22. f6 Bf8 23. fxg7 Bxg7 24. Ng3 Rad8 25. Rde1 Rd2 26. Ne4 R2d4 27. Nf6+
Kh8 28. b3 Qb6 29. Qf3 Qc7 30. Qf5 Bxf6 31. gxf6 Kg8 32. Qg5+ Kf8 33. Qg7+ Ke8
34. Qg8+ Kd7 35. Qxf7+ Kc8 36. Qe6+ Kb7 37. f7 R8d6 38. Qf5 Qd8 39. f8=Q Rd1+
40. Kb2 Rxe1 41. Qxd8 Rxd8 42. Rxe1 1-0